Logo BPK

Biblioteka

Politechniki Koszalińskiej

Biologia / (Rekord nr 30819)

Szczegóły MARC
000 -ETYKIETA REKORDU
podpole kontrolne o stałej długości 00749nam a2200277 i 4500
001 - NUMER KONTROLNY REKORDU
pole kontrolne bg
020 ## - MIĘDZYNARODOWY ZNORMALIZOWANY NUMER KSIĄŻKI - ISBN
ISBN 8370730906
040 ## - ŹRÓDŁO KATALOGOWANIA
Instytucja, która utworzyła rekord BPK
041 1# - KOD JĘZYKA
Kod języka tekstu pl
Kod języka oryginału en
080 ## - UNIWERSALNA KLASYFIKACJA DZIESIĘTNA - UKD
UKD 57/59(07)
920 ## - Międzynarodowy znormalizowany numer książki – ISBN
ISBN 83-7073-090-6
008 - POLE O STAŁEJ DŁUGOŚCI - DANE KONTROLNE
podpole kontrolne o stałej długości s pl f |000 0 pol
245 70 - TYTUŁ/ODPOWIEDZIALNOŚĆ
Tytuł Biologia /
Pozostałe elementy strefy tytułu i oznaczenia odpowiedzialności Solomon, Berg, Martin, Villee.
246 ## - WARIANT TYTUŁU
Treść wyrażenia wprowadzającego Tyt. oryg.:
Tytuł Biology
260 ## - STREFA ADRESU WYDAWNICZEGO
Miejsce wydania Warszawa :
Nazwa wydawcy/dystrybutora MULTICO,
Data publikacji, dystrybucji/powstania dokumentu 1996.
300 ## - STREFA OPISU FIZYCZNEGO
Objętość XXXI, 1302 s. :
Inne cechy fizyczne fot., rys., wykr. ;
Rozmiary 29 cm.
500 ## - UWAGI OGÓLNE
Tekst uwagi Oryg. "Biology" 1993.
500 ## - UWAGI OGÓLNE
Tekst uwagi Wyd.1 wg.3 wydania amerykańskiego.
650 #9 - HASŁO PRZEDMIOTOWE W FORMIE NAZWY OGÓLNEJ LUB JEDNOSTKOWEJ
Nazwa ogólna lub geograficzna Biologia
655 ## - TERMIN INDEKSOWY - OKREŚLENIE RODZAJU/FORMY DOKUMENTU
Określenie rodzaju/formy dokumentu Podręczniki
700 1# - HASŁO DODATKOWE - NAZWA OSOBOWA
Nazwa osobowa SOLOMON, Eldra Pearl.
700 1# - HASŁO DODATKOWE - NAZWA OSOBOWA
Nazwa osobowa BERG, Linda R.
700 1# - HASŁO DODATKOWE - NAZWA OSOBOWA
Nazwa osobowa MARTIN, Diana W.
700 1# - HASŁO DODATKOWE - NAZWA OSOBOWA
Nazwa osobowa VILLEE, Claude A.
856 ## - LOKALIZACJA I DOSTĘP DO ELEKTRONICZNYCH DOKUMENTÓW ZDALNYCH
Link (URL) http://koha.tu.koszalin.pl/cgi-bin/koha/opac-detail.pl?biblionumber=30819
Tekst linku Katalog online BPK
942 ## - DODATKOWE ELEMENTY (KOHA)
Typ dokumentu Książka
Egzemplarze
Wycofany Status egzemplarza Uszkodzony Dostępność Lokalizacja stała Lokalizacja bieżąca Miejsce przechowywania Sygnatura Kod kreskowy Typ dokumentu
      Dostępny Biblioteka Politechniki Koszalińskiej Biblioteka Politechniki Koszalińskiej Wypożyczalnia BG 37681 01962925 Książka
© 2023 Biblioteka Politechniki Koszalińskiej :: KOHA